The practical carpenter and joiner / (Record no. 190864)
[ view plain ]
| 000 -LEADER | |
|---|---|
| fixed length control field | 01070 a2200169 4500 |
| 003 - CONTROL NUMBER IDENTIFIER | |
| control field | Nust |
| 005 - DATE AND TIME OF LATEST TRANSACTION | |
| control field | 20230119105700.0 |
| 040 ## - CATALOGING SOURCE | |
| Transcribing agency | Nust |
| 082 ## - DEWEY DECIMAL CLASSIFICATION NUMBER | |
| Classification number | 694,THE |
| 100 ## - MAIN ENTRY--PERSONAL NAME | |
| Personal name | Kay, N. W. |
| 9 (RLIN) | 47447 |
| 245 ## - TITLE STATEMENT | |
| Title | The practical carpenter and joiner / |
| Statement of responsibility, etc. | N. W.Kay, |
| 260 ## - PUBLICATION, DISTRIBUTION, ETC. | |
| Place of publication, distribution, etc. | London, |
| Name of publisher, distributor, etc. | Odhams press limtied |
| Date of publication, distribution, etc. | [1944] |
| 300 ## - PHYSICAL DESCRIPTION | |
| Extent | 448 p |
| 505 ## - FORMATTED CONTENTS NOTE | |
| Formatted contents note | Craftsmanship (Page-3), Timber (Page-16), Hand Tools (Page-39), Machine Tools (Page-65), Portable Electric Tools (Page-84), Geometrical Drawing And Design (Page-92), Joint Construction (Page-116), Frame and Joint Construction (Page-143), Wall Paneling and Doors (Page-164) Windows And Skylights (Page-189) Production Methods (Page-219), Stair Building (Page-237), Setting out Rods (Page-256) Shaped Work (Page-276) Fixing Joinery on Site (Page-288), Centers and Shoring (Page-315), Shuttering for Concrete (Page-336), Floors and Partitions (Page-354), Roof Construction (Page-375) Determining Bevels (Page-398), Uses of the Steel Square (Page-414), Useful Calculations (Page-429). |
| 650 ## - SUBJECT ADDED ENTRY--TOPICAL TERM | |
| Topical term or geographic name entry element | Carpentry |
| 942 ## - ADDED ENTRY ELEMENTS (KOHA) | |
| Source of classification or shelving scheme | |
| Koha item type | Book |
| Withdrawn status | Lost status | Source of classification or shelving scheme | Damaged status | Not for loan | Permanent Location | Current Location | Shelving location | Date acquired | Full call number | Barcode | Date last seen | Price effective from | Koha item type | Public note |
|---|---|---|---|---|---|---|---|---|---|---|---|---|---|---|
| Military College of Signals (MCS) | Military College of Signals (MCS) | General Stacks | 12/12/2016 | 694,THE | MCS29680 | 12/08/2016 | 12/12/2016 | Book | Amirah No.55, Shelf No.5 |
